00698nam a2200217Ia 4500003000400000008004100004020002300045040000800068100001800076245007800094250001200172260002600184300001500210365001200225901002100237902003400258903005800292942001200350952010100362999001700463LDD181029s9999 xx 000 0 und d a761970568cP 19.99 cLDD aMarrison, Ken 0aMark, Durkheim & Weberbformations of modern social thoughtcKen Marrison a2nd ed. aNew DelhibSagec2006 axiii, 465p bP 19.99 a3692b16-01-2007 a11527b06-02-2007cFdGBHe31 aDiscount-10bReqst by : Debal K. Singharoy  2ddccBK 00102ddc4070977609aLDDbLDDl0o301.0922 M831Mp060940r2018-11-01v1741.92w2018-11-01yBK c77610d77610